Statistiken für Größte Stadt beginnend mit E in Diesem Land

Klicken Sie hier um das Quiz zu spielen!

Allgemein

  • Dieses Quiz wurde 256 mal gespielt
  • Das Durchschnittsergebnis liegt bei 4 aus 12

Antwortstatistiken

LandE-Stadt% Korrekt
DeutschlandEssen
97%
Vereinigtes KönigreichEdinburgh
67%
KanadaEdmonton
60%
NiederlandeEindhoven
45%
FinnlandEspoo
39%
DänemarkEsbjerg
34%
ÖsterreichEisenstadt
22%
Vereinigte StaatenEl Paso
22%
IrakErbil
14%
SchwedenEskilstuna
9%
ItalienErcolano
5%
MexikoEcatepec
4%

Verteilung der Resultate

Perzentil nach korrekt beantworteten Fragen

Anzahl Personen mit jedem Resultat

Ihre Resultats-Entwicklung

Sie haben dieses Quiz noch nicht gespielt